书目信息 |
| 题名: |
建筑法规概论
|
|
| 作者: | 刘勇 , 黄胜方 主编 | |
| 分册: | ||
| 出版信息: | 北京 中国水利水电出版社 2012.02 |
|
| 页数: | 356页 | |
| 开本: | 26cm | |
| 丛书名: | ||
| 单 册: | ||
| 中图分类: | D922.297 | |
| 科图分类: | ||
| 主题词: | 法律--中国 | |
| 电子资源: | ||
| ISBN: | 978-7-5084-9481-4 | |
| 000 | 01102 nam 000277 | |
| 001 | 012013088888 | |
| 005 | 20220504150917.79 | |
| 010 | @a978-7-5084-9481-4@dCNY42.00 | |
| 100 | @a20130525d2002 ekmy0chiy0121 ea | |
| 101 | 0 | @achi |
| 102 | @aCN@b110000 | |
| 105 | @ay z 000yy | |
| 106 | @ar | |
| 200 | @a建筑法规概论@Ajian zhu fa gui gai lun@f刘勇,黄胜方主编@Fliu yong huang sheng fang zhu bian | |
| 205 | @a2版 | |
| 210 | @a北京@c中国水利水电出版社@d2012.02 | |
| 215 | @a356页@d26cm | |
| 300 | @a全国应用型高等院校(高职高专)土建类“十二五”规划教材 | |
| 330 | @a本教材介绍了包括建设法规概述,城乡规划法,建筑法,招标投标法规,工程勘察设计方面的法律、法规,工程建设安全生产管理与质量管理法规,建设从业资格法规,建设工程合同法律制度,建设工程纠纷的处理,房地产与物业管理法规,市政建设法规,劳动用工制度法律法规,与工程建设相关的法律法规,建筑工程法律责任等内容。 | |
| 540 | @a建筑法规概论 | |
| 606 | @a法律@x中国 | |
| 690 | @aD922.297 | |
| 701 | 0 | @a刘勇@Aliu yong@4主编 |
| 701 | 1 | @a黄胜方@Ahuang sheng fang@4主编 |
| 801 | @aCN@c20130522 | |
| 905 | @eL712=2@dD922.297@b1095254@f1 | |
| 建筑法规概论/刘勇,黄胜方主编.-2版.-北京:中国水利水电出版社,2012.02 |
| 356页;26cm |
| 全国应用型高等院校(高职高专)土建类“十二五”规划教材 |
| ISBN 978-7-5084-9481-4:CNY42.00 |
| 本教材介绍了包括建设法规概述,城乡规划法,建筑法,招标投标法规,工程勘察设计方面的法律、法规,工程建设安全生产管理与质量管理法规,建设从业资格法规,建设工程合同法律制度,建设工程纠纷的处理,房地产与物业管理法规,市政建设法规,劳动用工制度法律法规,与工程建设相关的法律法规,建筑工程法律责任等内容。 |
| ● |
| 相关链接 |
|
|
|
正题名:建筑法规概论
索取号:D922.297/L712=2
 
预约/预借
| 序号 | 登录号 | 条形码 | 馆藏地/架位号 | 状态 | 备注 |
| 1 | 1095254 | 210952548 | 社科库509/509社科库 88排5列4层/ [索取号:D922.297/L712] | 在馆 |